Major or Minor? - Statistics

General Stats
  • This quiz has been taken 8 times
  • The average score is 12 of 15
Answer Stats
Hint Answer % Correct
Sounds bright and uplifting, can be noted as grandeur, especially D major (in my opinion). It is very good for passages and gives a resolute ending. Major
100%
Used in Ode To Joy. Major
100%
These types of chords are mainly used in pop, country, or folk. Major
100%
An example chord in A, (major or minor) would be A, C sharp, and E Major
88%
Often noted as a "melancholic chord" when played, but also very soothing. If you include lots of accidentals, you can turn somehow turn it into a march. Minor
88%
Key signature mainly has more flats, but still can have sharps. Minor
88%
Used in Für Elise. Minor
88%
These types of chords are mainly used in blues and jazz music, especially romance. Minor
88%
Abbreviated after a chord as "m" Minor
88%
Key signature mainly has more sharps, but it can still have flats. Major
75%
In this type of scale, intervals are all perfect or all (the major or minor). Major
75%
Whole step-Whole step-Half step-Whole step Major
75%
An example chord in D, (minor or major) would be D, F, and A Minor
63%
In this type of scale, there is a mix of minor and major intervals. Minor
50%
Whole step-Half step-Whole step-Whole step Minor
25%
No matching quizzes found
Score Distribution
Percent of People with Each Score
Percentile by Number Answered
Your Score History
You have not taken this quiz